[Event "Parauapebas Paraense-ch"]
[Site "Parauapebas"]
[Date "2015.11.20"]
[Round "2"]
[White "Leao, Flavio Sanchez"]
[Black "De Franca, Evando Santana"]
[Result "1-0"]
[WhiteElo "1847"]
[BlackElo "1800"]
[PlyCount "47"]
[EventDate "2015.11.20"]
[EventType "swiss"]
[EventRounds "6"]
[EventCountry "BRA"]
[SourceTitle "CBM 169 Extra"]
[Source "ChessBase"]
[SourceDate "2015.12.18"]
[SourceVersion "1"]
[SourceVersionDate "2015.12.18"]
[SourceQuality "1"]

1. e4 e5 2. Nf3 d6 3. d4 Bg4 4. dxe5 Nc6 5. Bb5 a6 6. Bxc6+ bxc6 7. 0-0 dxe5 8. Qxd8+ Rxd8 9. Nxe5 Rd4 10. Nxg4 Bd6 11. Nc3 Nf6 12. Nxf6+ gxf6 13. Be3 Ra4 14. Nxa4 Rg8 15. g3 h5 16. Bc5 Be5 17. f4 Bxb2 18. Nxb2 h4 19. Kg2 f5 20. exf5 Rg5 21. Rad1 f6 22. Rfe1+ Kf7 23. Re7+ Kg8 24. Rd8# 1-0